000 00668nam a22001937a 4500
005 20100726140345.0
010 _aENG-96821
020 _a8187733330
_c600.00
035 _aEN-80354
037 _bDBAD/PUB
082 _a915.4
100 _aAmbedkar, B R
_91466
245 _aWho were the shudras? :
_bhow they came to be the fourth varna in the indo-aryan society /
_cby B R Ambedkar
260 _aNew Delhi
_bGautam book centre
_c2008
270 _aChandan sadan, C-263A, street no-9 Hardevpuri, shahdara
300 _a250 p
_c21 cm.(Hb)
_eincludes maps
500 _aincludes bibliographical references and index
942 _2ddc
_cEN
_h915.4
_mAMB
999 _c37725
_d37725